000 00321nam a2200121Ia 4500
008 230907s9999||||xx |||||||||||||| ||und||
082 _a891.4391
_bMUH
245 0 _aبانگِ درا ، Bang-e-dara /
260 _aIlm-O-Irfan Publishers,
_bLahore :
_c2010
300 _a240 p.
650 _aUrdu Literature
942 _cBK
999 _c599767
_d599767